000
00263nam a22001217a 4500
008
181022b xxu||||| |||| 00| 0 eng d
041
_a
eng
080
_a
910
100
_a
42
101
_a
GEO
245
_a
Fundamentals Of Geology
_c
Carla.W M
942
_2
udc
_c
BK
999
_c
50389
_d
50389